Econometric Methods / (Record no. 47798)

MARC details
000 -LEADER
fixed length control field 00482nam a22001937a 4500
003 - CONTROL NUMBER IDENTIFIER
control field OSt
008 - FIXED-LENGTH DATA ELEMENTS--GENERAL INFORMATION
fixed length control field 250403b |||||||| |||| 00| 0 eng d
020 ## - INTERNATIONAL STANDARD BOOK NUMBER
International Standard Book Number 0070326851
082 ## - DEWEY DECIMAL CLASSIFICATION NUMBER
Classification number 330.015195
Item number J72E
100 ## - MAIN ENTRY--PERSONAL NAME
Personal name Johnston, J.
245 ## - TITLE STATEMENT
Title Econometric Methods /
Statement of responsibility, etc. by J. Johnston
250 ## - EDITION STATEMENT
Edition statement 3rd ed.
260 ## - PUBLICATION, DISTRIBUTION, ETC. (IMPRINT)
Place of publication, distribution, etc .- Singapore
Name of publisher, distributor, etc : McGraw-Hill
Date of publication, distribution, etc , 1986
300 ## - PHYSICAL DESCRIPTION
Extent viii,568p.
650 ## - SUBJECT ADDED ENTRY--TOPICAL TERM
Topical term or geographic name as entry element Social Sciences
650 ## - SUBJECT ADDED ENTRY--TOPICAL TERM
Topical term or geographic name as entry element Economics
650 ## - SUBJECT ADDED ENTRY--TOPICAL TERM
Topical term or geographic name as entry element Econometrics
942 ## - ADDED ENTRY ELEMENTS (KOHA)
Source of classification or shelving scheme
Koha item type Donated Books
Holdings
Withdrawn status Lost status Source of classification or shelving scheme Damaged status Not for loan Home library Current library Date acquired Source of acquisition Total Checkouts Full call number Barcode Date last seen Bill Date Koha item type Bill Number
          Dr. Rajendra Prasad Central Agricultural University Pusa, Dr. Rajendra Prasad Central Agricultural University Pusa, 03/04/2025 Donated by Dr. D. K. Sinha, Agri. Economics   330.015195 J72E 83111 03/04/2025   Donated Books Gift
Hosted, Implemented, Customized & Maintained by: BestBookBuddies

Powered by Koha